| 000 | 01083nam a2200217Ia 4500 | ||
|---|---|---|---|
| 003 | Ost | ||
| 005 | 20260507075051.0 | ||
| 008 | 260507s9999||||xx |||||||||||||| ||und|| | ||
| 020 | _a9772045176 | ||
| 040 | _cfsecg | ||
| 041 | _aara | ||
| 082 | _a300 | ||
| 100 |
_aادريس، ثابت عبد الرحمن _eمؤلف |
||
| 245 | 0 |
_aالمدخل الحديث في الإدارة العامة / _c ثابت عبد الرحمن ادريس |
|
| 260 |
_aالإسكندرية: _bالدار الجامعية, _c2003 |
||
| 300 |
_a619 صفحة؛ _bإيضاحات ؛ _c24 سم |
||
| 520 | _aطبيعة الإدارةالعامة ومداخل تحليل السياسات العامة-نظم المعلومات والتخطيط الإستراتيجي في المنظمات العامة-التنظيم والإدارة العامة-إدارة جودة الخدمة العامة-الإدارة المالية:إدارة الضغوط المالية والموازنة العامة | ||
| 653 | _aالإدارة العامة | ||
| 653 | _aالإدارة المالية | ||
| 942 | _cكتاب | ||
| 999 |
_c42639 _d42639 |
||